| 000 | 00796cam a2200253 i 4500 | ||
|---|---|---|---|
| 999 |
_c7486 _d7486 |
||
| 003 | OSt | ||
| 005 | 20200310121634.0 | ||
| 008 | 180213s2017 vra 000 0 eng | ||
| 020 | _a9781864707137 | ||
| 040 |
_aDLC _beng _erda _cDLC |
||
| 042 | _apcc | ||
| 110 | 2 |
_aEric Owen Moss Architects _eauthor. |
|
| 245 | 1 | 0 | _aEric Owen Moss Architects. |
| 300 |
_a255 pages ; _c30 cm. |
||
| 490 | 0 | _aLeading architects | |
| 610 | 2 | 0 | _aEric Owen Moss Architects. |
| 650 | 0 |
_aArchitecture, Modern _y20th century. |
|
| 650 | 0 |
_aArchitecture, Modern _y21st century. |
|
| 650 | 0 | _aArchitectural practice, International. | |
| 650 | 0 |
_aCity planning _xSocial aspects. |
|
| 906 |
_a7 _bcbc _corigres _d2 _encip _f20 _gy-gencatlg |
||
| 942 | _2ddc | ||